000 00545nam a22001697a 4500
005 20251108164254.0
008 250721s1993 xx 000 0 ara d
082 1 4 _a621.59/صبر
100 1 _aبولس، صبري
245 1 0 _aفحص و علاج عوراض و أعطال وحدات تكييف الهواء المجمعة القائمة بذاتها /
264 1 _aالقاهرة :
_bدار المعارف،
_c1993.
300 _a72ص
650 1 7 _aالتبريد
650 1 7 _aتكييف الهواء
942 _2ddc
_cBK
999 _c8040
_d8040